00373nam a2200133Ia 4500003000400000008004100004040001600045082001300061100002500074245005700099700002100156260005200177300001000229GCL140319s9999 xx 000 0 eng d aGCL / cGCL04a150bP A1 aPORTER, LYMAN W.(ED)10aANNUAL REVIEW OF PSYCHOLOGY / cPORTER, LYMAN W.(ED)1 aROSENZWEIG, M.R. a[S.N] : bMCMILLAN PUBLISHING COMPANY ، c1993 a767 P